000 01338nam a2200253 a 4500
001 000027498
005 20200930030858.0
008 110401s1990 dr b 000 0 spa d
040 _aDO-SdBNP
_bspa
_cBNPHU
041 1 7 _aspa
_beng
082 _a615.1
_bC749m
111 2 _aCongreso Panamericano de Farmacia y Bioquimica
_n(13avo
_d1988, nov. 27-dic. 3
_cSanto Domingo)
_954582
245 1 0 _aMemorias del XIII Congreso Panamericano de Farmacia ; Bioquimica y XVI Congreso Centroamericano y el Caribe de Ciencias Farmaceuticas =
_bProceedings of the XIII Pan-American Congress of Pharmacy and Biochemistry and XVI Centralamerican and the Caribbean Congress of Pharmaceutical Science.
246 1 1 _aCongreso Centroamericano y el Caribe de Ciencias Farmaceuticas
246 1 1 _aXIII Pan-American Congress of Pharmacy and Biochemistry
246 1 1 _aXVI Centralamerican and the Caribbean Congress of Pharmaceutical Sciences
260 _aSanto Domingo :
_bAsociación Farmaceutica Dominicana,
_c1990.
300 _a207 p. :
_bretrs. ;
_c28 cm.
590 _aInventariado, 2018/LP
650 4 _aFarmacia
_xCongresos, conferencias , etc.
_954583
650 4 _aIndustria farmaceutica
_xCongresos, conferencias, etc.
_953025
650 4 _aIndustria farmaceutica
_xCongresos, conferencias, etc.
_953025
910 _aValidado. Control de calidad MFF
999 _c26990
_d26990